[Event "New Delhi Parsvnath op 10th"]
[Site "New Delhi"]
[Date "2012.01.15"]
[Round "1"]
[White "Visvardis, Anastasios"]
[Black "Vakhidov, Jahongir"]
[Result "0-1"]
[WhiteElo "1691"]
[BlackElo "2419"]
[PlyCount "62"]
[EventDate "2012.01.15"]
[EventType "swiss"]
[EventRounds "11"]
[EventCountry "IND"]
[SourceTitle "CBM 146 Extra"]
[Source "ChessBase"]
[SourceDate "2012.02.29"]
[SourceVersion "1"]
[SourceVersionDate "2012.02.29"]
[SourceQuality "1"]

1. e4 c5 2. f4 d5 3. exd5 Nf6 4. Bb5+ Bd7 5. Bxd7+ Qxd7 6. c4 e6 7. Qe2 Bd6 8. dxe6 fxe6 9. d3 Nc6 10. Nf3 0-0-0 11. 0-0 Rhe8 12. Qf2 e5 13. fxe5 Nxe5 14. Nxe5 Bxe5 15. Kh1 Qxd3 16. Na3 Bd4 17. Qf4 a6 18. Rb1 Ne4 19. Qf5+ Rd7 20. Bg5 g6 21. Qf4 Be3 22. Qxe3 Qd6 23. Rbe1 h6 24. Bf4 Qe6 25. Qg1 g5 26. Be3 b6 27. b3 Rde7 28. Nc2 Qg6 29. Rc1 Qh5 30. Rf3 g4 31. Rcf1 Rf7 0-1

[Event "Ambelokipi op 091th"]
[Site "Athens"]
[Date "2008.11.08"]
[Round "?"]
[White "Visvardis, Anastasios"]
[Black "Kesoglou, Konstantinos"]
[Result "0-1"]
[WhiteElo "1636"]
[BlackElo "2178"]
[PlyCount "70"]
[EventDate "2008.11.08"]
[EventType "swiss"]
[EventCountry "GRE"]
[SourceTitle "EXT 2024"]
[Source "ChessBase"]
[SourceDate "2023.10.10"]
[SourceVersion "1"]
[SourceVersionDate "2023.10.10"]
[SourceQuality "1"]

1. e4 c5 2. Nf3 e6 3. d3 Nc6 4. g3 g6 5. Bg2 Bg7 6. 0-0 Nge7 7. c3 d5 8. exd5 Nxd5 9. d4 cxd4 10. cxd4 0-0 11. Nc3 Nde7 12. Be3 Nf5 13. Qe2 Nxe3 14. fxe3 Rb8 15. Rad1 Qa5 16. Nd2 Ne7 17. Nb3 Qd8 18. Rc1 Bh6 19. Rcd1 Nd5 20. Rf3 b6 21. e4 Nb4 22. a3 Ba6 23. Qf2 Bc4 24. Nc1 Bxc1 25. axb4 Bh6 26. Qc2 Qe7 27. d5 Qxb4 28. Bf1 Bb3 29. Qf2 Bxd1 30. Nxd1 Bg7 31. Qe2 Qc5+ 32. Kh1 exd5 33. Nc3 dxe4 34. Nxe4 Qe5 35. Qc4 Rbc8 0-1

[Event "Ambelokipi op 82nd"]
[Site "Athens"]
[Date "2007.11.03"]
[Round "1"]
[White "Koerant, Filipos"]
[Black "Visvardis, Anastasios"]
[Result "1-0"]
[WhiteElo "2100"]
[BlackElo "1637"]
[PlyCount "39"]
[EventDate "2007.11.03"]
[EventType "swiss"]
[EventRounds "7"]
[EventCountry "GRE"]
[SourceTitle "EXT 2024"]
[Source "ChessBase"]
[SourceDate "2023.10.10"]
[SourceVersion "1"]
[SourceVersionDate "2023.10.10"]
[SourceQuality "1"]

1. Nf3 Nf6 2. c4 e6 3. Nc3 b6 4. d4 Bb4 5. Bg5 h6 6. Bxf6 gxf6 7. e4 Bb7 8. Bd3 f5 9. exf5 Qf6 10. Qe2 Bxf3 11. Qxf3 Nc6 12. fxe6 Qxf3 13. exd7+ Kxd7 14. gxf3 Nxd4 15. 0-0-0 Bd6 16. Be4 Nc6 17. Nd5 Ke6 18. Rhe1 Raf8 19. Bc2+ Kd7 20. Ba4 1-0

[Event "Ambelokipi op 78th"]
[Site "Athens"]
[Date "2007.06.02"]
[Round "7"]
[White "Visvardis, Anastasios"]
[Black "Michailidis, Dimitrios"]
[Result "0-1"]
[WhiteElo "1668"]
[BlackElo "1972"]
[PlyCount "70"]
[EventDate "2007.05.12"]
[EventType "swiss"]
[EventRounds "7"]
[EventCountry "GRE"]
[SourceTitle "EXT 2008"]
[Source "ChessBase"]
[SourceDate "2007.11.25"]
[SourceVersion "1"]
[SourceVersionDate "2007.11.25"]
[SourceQuality "1"]

1. e4 e5 2. Nf3 Nc6 3. Bb5 Nf6 4. 0-0 Be7 5. Re1 d6 6. h3 0-0 7. c3 a6 8. Ba4 Nd7 9. d4 f5 10. exf5 Rxf5 11. Bc2 Rf8 12. Qd3 g6 13. Bh6 Bf6 14. Bxf8 Qxf8 15. d5 Ne7 16. b4 Nb6 17. Bb3 Bf5 18. Qd2 h6 19. Na3 Kh7 20. Rac1 a5 21. c4 Nd7 22. Nb5 Qd8 23. c5 dxc5 24. bxc5 e4 25. Nfd4 Bg5 26. Qc3 a4 27. Ra1 axb3 28. Nxf5 gxf5 29. d6 cxd6 30. axb3 Rxa1 31. Qxa1 Nxc5 32. Qc3 Nd3 33. Re2 Qb6 34. Nd4 Bf6 35. Qc4 d5 0-1

[Event "Ambelokipi op 77th"]
[Site "Athens"]
[Date "2007.04.16"]
[Round "1"]
[White "Visvardis, Anastasios"]
[Black "Khetsuriani, Besarion"]
[Result "0-1"]
[WhiteElo "1668"]
[BlackElo "2369"]
[PlyCount "92"]
[EventDate "2007.04.14"]
[EventType "swiss"]
[EventRounds "7"]
[EventCountry "GRE"]
[SourceTitle "EXT 2008"]
[Source "ChessBase"]
[SourceDate "2007.11.25"]
[SourceVersion "1"]
[SourceVersionDate "2007.11.25"]
[SourceQuality "1"]

1. e4 g6 2. d4 Bg7 3. Nc3 c6 4. Nf3 d6 5. h3 Nf6 6. Be3 Qa5 7. Qd2 Nbd7 8. Bd3 e5 9. 0-0 0-0 10. Rad1 Re8 11. Qc1 Qc7 12. b4 a6 13. a4 a5 14. Qb2 axb4 15. Qxb4 exd4 16. Nxd4 Nc5 17. f3 Nfd7 18. Rfe1 Ne5 19. f4 Ned7 20. Bf2 Bf8 21. Nb3 Ne6 22. Ne2 d5 23. Qd2 dxe4 24. Bxe4 Nf6 25. Qe3 Nxe4 26. Qxe4 Ng7 27. Qd4 Nf5 28. Qa1 Bg7 29. c3 Be6 30. Ned4 Bxb3 31. Nxb3 Qxf4 32. Nd4 Nxd4 33. Bxd4 Rxe1+ 34. Rxe1 Bxd4+ 35. cxd4 Qd2 36. Re7 Qb4 37. Rd7 Qxa4 38. Qxa4 Rxa4 39. Rxb7 Rxd4 40. Rc7 Rc4 41. Kf2 Rc3 42. Ke2 h5 43. Kd2 Rg3 44. Rxc6 Rxg2+ 45. Ke3 Rg3+ 46. Kf4 Rxh3 0-1

[Event "Ambelokipi op 76th"]
[Site "Athens"]
[Date "2007.03.12"]
[Round "1"]
[White "Sideris, Theodoros"]
[Black "Visvardis, Anastasios"]
[Result "1-0"]
[WhiteElo "2073"]
[BlackElo "1668"]
[PlyCount "59"]
[EventDate "2007.03.13"]
[EventType "swiss"]
[EventRounds "7"]
[EventCountry "GRE"]
[SourceTitle "EXT 2008"]
[Source "ChessBase"]
[SourceDate "2007.11.25"]
[SourceVersion "1"]
[SourceVersionDate "2007.11.25"]
[SourceQuality "1"]

1. e4 d5 2. exd5 Nf6 3. d4 Bg4 4. Nf3 Qxd5 5. Be2 Nc6 6. 0-0 0-0-0 7. c4 Qa5 8. Bd2 Qf5 9. Bc3 e5 10. d5 e4 11. Nd4 Nxd4 12. Bxd4 Kb8 13. f3 exf3 14. Bxf3 Bxf3 15. Qxf3 Qc2 16. Nc3 Bb4 17. Rac1 Qd2 18. Rcd1 Qc2 19. Qf2 Qxf2+ 20. Rxf2 Rhe8 21. Bxf6 gxf6 22. Rxf6 b6 23. Rxf7 Bxc3 24. bxc3 Re2 25. Kf1 Rxa2 26. Re1 h5 27. Ree7 Rc8 28. g3 Rxh2 29. d6 cxd6 30. Rb7+ 1-0